| 000 | 00625nam a22002297a 4500 | ||
|---|---|---|---|
| 003 | UA-OsUOA | ||
| 001 | 94695 | ||
| 007 | ta | ||
| 008 | 20130218b un ||||| |||| 00| 0 ukr d | ||
| 100 | _aДомбровский Ю. | ||
| 090 |
_a821.161.1 _bД66 |
||
| 942 | _cBK | ||
| 040 |
_aUA-OsUOA _brus _cUA-OsUOA _dUA-OsUOA |
||
| 245 | _aХранительница древностей | ||
| 300 | _a348 с. | ||
| 955 | _a3 | ||
| 041 | _arus | ||
| 080 | _a821.161.1 | ||
| 260 |
_aМ. _bСоветская Россия _c1966 |
||
| 650 | 7 |
_a82 Література. Літературознавство _2UDC |
|
| 999 |
_c380936 _d380936 |
||